Welches Jahr ist gesucht? - Statistiken

Allgemein
  • Dieses Quiz wurde 195 mal gespielt
  • Das Durchschnittsergebnis liegt bei 4 aus 10
Antwortstatistiken
Frage Antwort % Korrekt
Israel ruft seine Unabhängigkeit aus – Mahatma Gandhi wird ermordet – Mit der Währungsreform wird die D-Mark eingeführt 1948
67%
Lena Meyer-Landrut gewinnt den Eurovision Song Contest – Verheerendes Erdbeben in Haiti – Horst Köhler tritt als Bundespräsident zurück 2010
60%
Napoleon Bonaparte krönt sich zum Kaiser – Thomas Jefferson wird als US-Präsident wiedergewählt – Schillers "Wilhelm Tell" wird uraufgeführt 1804
47%
Bill Clinton wird US-Präsident – Schauspieler River Phoenix stirbt – "What's Up" steht 10 Wochen lang auf Platz 1 der deutschen Charts 1993
47%
Das Pariser Übereinkommen zum Klimaschutz wird verabschiedet – Sepp Blatter tritt als FIFA-Präsident zurück – In Deutschland wird ein flächendeckender Mindestlohn eingeführt 2015
47%
Der Siebenjährige Krieg beginnt – Wolfgang Amadeus Mozart wird geboren – Friedrich der Große ordnet den Anbau von Kartoffeln an 1756
40%
Utah wird 45. US-Bundesstaat – Die ersten Olympischen Spiele der Neuzeit werden ausgetragen – Gottlieb Daimler baut den ersten motorisierten Lastwagen 1896
40%
Die Europäische Wirtschaftsgemeinschaft wird gegründet – Die Sowietunion bringt den ersten Satelliten ins All – Albert Camus erhält den Literatur-Nobelpreis 1957
40%
Willy Brandt übersteht ein Misstrauensvotum – Der bisher letzte Mensch betritt den Mond – Schauspielerin Cameron Diaz wird geboren 1972
33%
Charles Lindbergh überquert den Atlantik – Der Film "Metropolis" feiert Premiere – Günter Grass wird geboren 1927
13%
Keine übereinstimmenden Quizze gefunden
Verteilung der Resultate
Anzahl Personen mit jedem Resultat
Perzentil nach korrekt beantworteten Fragen
Ihre Resultats-Entwicklung
Sie haben dieses Quiz noch nicht gespielt